-
LUMBHANI, DR. ARVIND N AND GEETHA, DR.G. AND SINGH, DR. ARVIND KUMAR
Entry Personal Name
Number of records used in: 1
001 - CONTROL NUMBER
003 - CONTROL NUMBER IDENTIFIER
005 - DATE AND TIME OF LATEST TRANSACTION
- control field:
20240918125654.0
008 - FIXED-LENGTH DATA ELEMENTS
- fixed length control field:
240918|| aca||aabn | a|a d
040 ## - CATALOGING SOURCE
- Original cataloging agency:
JRU
- Transcribing agency:
JRU
100 ## - HEADING--PERSONAL NAME
- Personal name:
LUMBHANI, DR. ARVIND N AND GEETHA, DR.G. AND SINGH, DR. ARVIND KUMAR
670 ## - SOURCE DATA FOUND
- Source citation:
Work cat.: (JRU)8655: LUMBHANI, DR. ARVIND N AND GEETHA, DR.G. AND SINGH, DR. ARVIND KUMAR, PHARMACEUTICAL ORGANIC CHEMISTRY- II